Filosofi nati tra il 1400 e il 1800 - Statistics

Statistiche generali
  • Questo quiz è stato fatto 24 volte
  • Il punteggio medio è 13 su 33
Statistiche sulle risposte
Parola chiave anno di nascita Filosofo % Corretto
Criticismo, limiti della ragione 1724 Immanuel Kant
83%
Empirismo e diritti naturali 1632 John Locke
74%
Riforma protestante 1483 Martin Lutero
74%
Contratto sociale 1712 Jean-Jacques Rousseau
70%
Dialettica 1770 Friedrich Hegel
65%
Contratto e Stato 1588 Thomas Hobbes
65%
Volontà e pessimismo 1788 Arthur Schopenhauer
61%
Infinito universo 1548 Giordano Bruno
61%
Realismo politico 1469 Niccolò Machiavelli
61%
Illuminismo 1694 Voltaire
52%
Monismo, Dio-Natura 1632 Baruch Spinoza
48%
Utopia 1568 Tommaso Campanella
48%
Diritto penale moderno 1738 Cesare Beccaria
43%
Empirismo e scetticismo 1711 David Hume
43%
Enciclopedismo 1713 Denis Diderot
43%
Monadi 1646 Gottfried Wilhelm Leibniz
43%
Separazione dei poteri 1689 Charles-Louis de Montesquieu
39%
Metodo scientifico 1561 Francis Bacon
39%
Idealismo trascendentale radicale soggettivo 1762 Johann Gottlieb Fichte
39%
Razionalismo 1596 René Descartes
39%
Utopia 1478 Tommaso Moro
35%
Positivismo 1798 Auguste Comte
30%
Storia e verità 1668 Giambattista Vico
26%
Fede e ragione, anti-razionalista 1623 Blaise Pascal
22%
Idealismo immaterialista 1685 George Berkeley
22%
Naturalismo empirico 1509 Bernardino Telesio
17%
Idealismo romantico 1775 Friedrich Schelling
17%
Utilitarismo 1748 Jeremy Bentham
9%
Occasionalismo 1638 Nicolas Malebranche
9%
Materialismo ateo 1723 Baron d'Holbach
0%
Conservatorismo 1729 Edmund Burke
0%
Diritti e rivoluzione 1737 Thomas Paine
0%
Realismo del senso comune 1710 Thomas Reid
0%
Nessun quiz corrispondente trovato
Distribuzione punteggi
Percentuale di utenti per punteggio
Percentile per numero di risposta
I tuoi punteggi nel tempo
Non hai fatto questo quiz